| 000 | 00626cam a2200145 4500500 | ||
|---|---|---|---|
| 005 | 20251012032514.0 | ||
| 041 | _afre | ||
| 042 | _adc | ||
| 100 | 1 | 0 |
_aLe Moing, Monique _eauthor |
| 245 | 0 | 0 | _aKarlheinz Stierle, La capitale des signes – Paris et son discours. Préface de Jean Starobinski. Traduit de l’allemand par Marianne Rocher-Jacquin, Paris, Éditions de la Maison des sciences de l’homme, 2001, 650 p. |
| 260 | _c2002. | ||
| 500 | _a67 | ||
| 786 | 0 | _nSigila | 10 | 2 | 2002-12-20 | p. 244-245 | 1286-1715 | |
| 856 | 4 | 1 | _uhttps://shs.cairn.info/revue-sigila-2002-2-page-244?lang=fr&redirect-ssocas=7080 |
| 999 |
_c1547499 _d1547499 |
||